logo

Bir Sreshtho Munshi Abdur Rouf Library
Jhenaidah Cadet College

বিজ্ঞানীদের কান্ড কারখানা / (Record no. 11095)

MARC details
000 -LEADER
fixed length control field 00720nam a2200241 a 4500
001 - CONTROL NUMBER
JCCL Control Number 11095
003 - CONTROL NUMBER IDENTIFIER
JCCL marc code BD-JhCC
005 - DATE AND TIME OF LATEST TRANSACTION
control field 20220209134020.0
008 - FIXED-LENGTH DATA ELEMENTS--GENERAL INFORMATION
fixed length control field 190629b 2018bg a|||| ||a| 001 0 ben d
020 ## - INTERNATIONAL STANDARD BOOK NUMBER
International Standard Book Number 9789849266433
035 ## - SYSTEM CONTROL NUMBER
system control number (BD-JhCC)11095
040 ## - CATALOGING SOURCE
Original cataloging agency BD-JhCC
Modifying agency BD-JhCC
041 ## - LANGUAGE CODE
Language code of Book ben
082 ## - DEWEY DECIMAL CLASSIFICATION NUMBER
Classification number 501
Author mark and Year HAS 2018
100 ## - MAIN ENTRY--PERSONAL NAME
Personal name হাসান, রাগিব
245 ## - TITLE STATEMENT
Title বিজ্ঞানীদের কান্ড কারখানা /
Statement of responsibility, etc রাগিব হাসান ।
260 ## - PUBLICATION, DISTRIBUTION, ETC. (IMPRINT)
Place of publication, distribution, etc ঢাকা:
Name of publisher, distributor, etc আদর্শ;
Date of publication, distribution, etc ২০১৮.
300 ## - PHYSICAL DESCRIPTION
Pagination ৯৫ পৃঃ . :
Dimensions ২২ সেমি.
650 ## - SUBJECT ADDED ENTRY--TOPICAL TERM
Topical term or geographic name as entry element Discoveres
650 ## - SUBJECT ADDED ENTRY--TOPICAL TERM
Topical term or geographic name as entry element Science
942 ## - ADDED ENTRY ELEMENTS (KOHA)
Source of classification or shelving scheme Dewey Decimal Classification
Koha item type Books
Koha issues (borrowed), all copies 3
Holdings
Source of classification or shelving scheme volume number Damaged status Not for loan Home library Current library Shelving location Date of accession Cost, normal purchase price Total Checkouts Full call number Barcode Date last seen Date checked out Copy number Method of acquisition Koha item type Currency Source of acquisition
Dewey Decimal Classification V-1     JCC Rouf Library JCC Rouf Library General Stacks 05/25/2023 200.00 4 501 HAS 2018 15174 09/26/2023 09/19/2023 C-2 Purchase Books BDT  
Dewey Decimal Classification       JCC Rouf Library JCC Rouf Library General Stacks 11/08/2020 150.00   501 HAS 2018 16146 11/08/2020   C-2 Gift/Donation Books BDT Lt. Gen. Mahfuzur Rahman (10th intake)
Dewey Decimal Classification       JCC Rouf Library JCC Rouf Library General Stacks 06/23/2023 267.00 2 501 HAS 2018 18298 01/22/2026 01/18/2026 C-1 Purchase Books BDT  
Dewey Decimal Classification V-1     JCC Rouf Library JCC Rouf Library General Stacks 08/08/2023 200.00 3 501 HAS 2022 18297 07/09/2025 06/29/2025 C-3 Purchase Books BDT  
Dewey Decimal Classification V-4     JCC Rouf Library JCC Rouf Library General Stacks 08/08/2023 260.00   501 HAS 2022 18300 08/09/2023   C-1 Purchase Books BDT  
Dewey Decimal Classification V-3     JCC Rouf Library JCC Rouf Library General Stacks 06/23/2023 260.00 1 501 HAS 2018 18299 12/07/2023 11/29/2023 C-1 Purchase Books BDT  

JCC Library | Contacts | JCC Home

Last Update on 23 September 2017
Copyright @ 2017-2020 JCC Rouf Library
Rouf Library, Jhenidah Cadet College (JCC), Bangladesh